000 00682nam a2200265Ia 4500
001 10141
005 20240113235208.0
007 ta
008 050801s1967 a g b000 u eng u
040 _aCotton College,Assma
041 _aeng
082 _a338.9
_bL 26 Es
100 _aLange, Oskar .
245 0 _aEssays on Economic Planning /
_cOskar Lange.
_hTextual Documents
250 _a2nd ed. /
260 _aBombay :
_bAsian Publishing House ,
_c1967.
300 _aviii, 97p. :
_bill. ;
_c22cm .
653 _aEconomics
653 _aPlanning
653 _aMS-Economics
942 _2ddc
_cBK
999 _c10128
_d10128